书目信息 |
| 题名: |
工程地质基础
|
|
| 作者: | 许兆义 , 王连俊 , 杨成永 编 | |
| 分册: | ||
| 出版信息: | 北京 中国铁道出版社 2003.01 |
|
| 页数: | 308页 | |
| 开本: | 26cm | |
| 丛书名: | ||
| 单 册: | ||
| 中图分类: | P642-43 | |
| 科图分类: | ||
| 主题词: | 水文地质 , 工程地质 | |
| 电子资源: | ||
| ISBN: | 7-113-05031-X | |
| 000 | 00716nam0 2200241 45 | |
| 001 | 0334243527 | |
| 005 | 2003040309304324 | |
| 010 | @a7-113-05031-X@dCNY 26.90 | |
| 100 | @a20030403d2003 km y0chiy0120 ea | |
| 101 | 0 | @achi |
| 102 | @aCN@b110000 | |
| 200 | 1 | @a工程地质基础@Agong cheng di zhi ji chu@f许兆义,王连俊,杨成永编@FXu Zhao Yi,Wang Lian Jun,Yang Cheng Yong Bian |
| 210 | @a北京@c中国铁道出版社@d2003.01 | |
| 215 | @a308页@d26cm | |
| 300 | @a高等学校教材 | |
| 606 | 0 | @a水文地质 |
| 606 | 0 | @a工程地质 |
| 690 | @aP642-43@v3 | |
| 701 | 0 | @a许兆义@AXu Zhao Yi@4编 |
| 701 | 0 | @a王连俊@AWang Lian Jun@4编 |
| 701 | 0 | @a杨成永@AYang Cheng Yong@4编 |
| 801 | 0 | @aCN@bPFT@c20030403 |
| 905 | @a@dP642-43@eX918 | |
| 工程地质基础/许兆义,王连俊,杨成永编.-北京:中国铁道出版社,2003.01 |
| 308页;26cm |
| 高等学校教材 |
| ISBN 7-113-05031-X:CNY 26.90 |
| ● |
| 相关链接 |
|
|
|
正题名:工程地质基础
索取号:P642-43/X918
 
预约/预借
| 序号 | 登录号 | 条形码 | 馆藏地/架位号 | 状态 | 备注 |
| 1 | 372096 | 203720964 | 期刊室512/401自科库 129排1列2层/ [索取号:P642-43/X918] | 在馆 | |
| 2 | 372097 | 203720973 | 期刊室512/401自科库 129排1列2层/ [索取号:P642-43/X918] | 在馆 | |
| 3 | 372098 | 203720982 | 自科库401/401自科库 133排2列2层/ [索取号:P642-43/X918] | 在馆 |